Car Seat Headrest - psst, teenagers, take off your clo Lyrics - Statistics

General Stats
  • This quiz has been taken 13 times
  • The average score is 85 of 88
Answer Stats
Answer % Correct
a
100%
a
100%
a
100%
a
100%
clothes
100%
clothes
100%
clothes
100%
clothes
100%
clothes
100%
clothes
100%
got
100%
got
100%
got
100%
got
100%
got
100%
got
100%
got
100%
Hey
100%
Hey
100%
Hey
100%
Hey
100%
Hey
100%
Hey
100%
I
100%
I
100%
I
100%
I
100%
I
100%
I
100%
I
100%
I
100%
me
100%
me
100%
me
100%
me
100%
me
100%
me
100%
me
100%
me
100%
off
100%
off
100%
Send
100%
Send
100%
Send
100%
Send
100%
Send
100%
Send
100%
Send
100%
Send
100%
Take
100%
Take
100%
teenagers
100%
teenagers
100%
teenagers
100%
teenagers
100%
teenagers
100%
teenagers
100%
want
100%
your
100%
your
100%
your
100%
your
100%
your
100%
your
100%
your
100%
your
100%
your
100%
your
100%
your
100%
your
100%
letter
92%
letter
92%
now
92%
now
92%
now
92%
now
92%
glow
83%
glow
83%
glow
83%
glow
83%
it
83%
it
83%
soul
83%
soul
83%
bad
75%
picture
75%
picture
75%
back
50%
No matching quizzes found
Score Distribution
Percent of People with Each Score
Percentile by Number Answered
Your Score History
You have not taken this quiz